00317nam a2200121Ia 4500008004100000041000800041082002100049100001700070245004100087260002900128300003100157365000700188240624s9999 xx 000 0 und d aeng a339.46091724 PRA aPRAHALAD C K aFORTUNE AT THE BOTTOM OF THE PYRAMID c2005aNew DelhibPearson axix, : 401 : p. : cm. ; 23 cRS